La participación de los obispos del Perú en la codificación del derecho canónico de 1917

Guardat en:
Dades bibliogràfiques
Autor principal: Salinas Araneda, Carlos René (autor)
Format: Llibre
Idioma:espanyol
Publicat: Lima Pontificia Universidad Católica del Perú 2011
Edició:1a. ed
Matèries:
Etiquetes: Afegir etiqueta
Sense etiquetes, Sigues el primer a etiquetar aquest registre!

MARC

LEADER 00000cam a2200000 a 4500
001 UCE3753
003 CL-VaPUC
005 20250509120315.0
008 140925e20110000pe |||||||||||||||||spa|d
999 |c 356914  |d 356912 
020 |a 9789972832536 
040 |c Pontificia Universidad Católica de Valparaíso 
082 0 4 |a 262.9 SAL 2011  |2 21 
100 |a Salinas Araneda, Carlos René  |e autor  |9 902664 
245 1 3 |a La participación de los obispos del Perú en la codificación del derecho canónico de 1917 
250 |a 1a. ed 
260 |a Lima  |b Pontificia Universidad Católica del Perú  |c 2011 
300 |a 221 p 
583 |a last modification  |c 20140930 12:08:25  |k Rodrigo Vera 
650 7 |a DERECHO CANONICO  |2 CL-VaPUC  |9 576268 
650 7 |a OBISPOS  |2 CL-VaPUC  |9 576269 
650 7 |a CODIFICACION DEL DERECHO  |2 CL-VaPUC  |9 576270 
651 0 |a Perú  |9 256567 
852 |a BIBCUR 
942 |c BK  |2 ddc 
945 |d 20140925 17:45:00  |a arojas 
952 |0 0  |1 0  |2 ddc  |3 erb  |4 0  |6 262_900000000000000_SAL_2011  |7 1  |8 C_LRYV  |9 464685  |a BIBDER  |b BIBDER  |i 5114578  |o 262.9 SAL 2011  |p 5114578  |r 2023-01-25  |w 2019-11-23  |y BK_X  |z Catalogado en:20140925  |k BRV 
952 |0 0  |1 0  |2 ddc  |4 0  |6 262_900000000000000_SAL_2011  |7 0  |8 A  |9 576602  |a BIBDER  |b BIBDER  |d 2020-06-11  |i 5619238  |o 262.9 SAL 2011  |p 5619238  |r 2023-01-25  |t 2  |w 2020-06-11  |y BK  |k DER